| 000 | 00551cam a22002171 4500 | ||
|---|---|---|---|
| 001 | sa 68012691 | ||
| 003 | DLC | ||
| 005 | 20260227112613.0 | ||
| 008 | 900123s1966 ii 000 0 tamo | ||
| 010 | _asa 68012691 | ||
| 035 | _a(OCoLC)20946979 | ||
| 040 |
_aDLC _cWaU _dDLC |
||
| 050 | 0 | 0 |
_aPL4758.05 _b.D8 1966 |
| 100 | 1 |
_aTuraicāmip Piḷḷai, Auvai Cu., _d1902-1981. |
|
| 245 | 1 | 0 | _aPeruntakaip peṇṭir. |
| 260 | _c[1966] | ||
| 300 |
_a134 p. _c18 cm. |
||
| 500 | _aIn Tamil. | ||
| 650 | 0 | _aWomen authors. | |
| 650 | 0 | _aAuthors, Tamil. | |
| 999 |
_c84680 _d84680 |
||